Loading...
Other | 0 | 3 | 2 | 1 | 20 | 54 | 94.67 | 0 | 1 |
Social Science | 0 | 2 | 1 | 0 | 15 | 83 | 95.00 | 0 | 2 |
Science - Biology | 0 | 2 | 1 | 0 | 15 | 103 | 103.50 | 0 | 1 |
History - European History | 0 | 1 | 0 | 0 | 10 | 109 | 109.00 | 1 | 1 |
Fine Arts - Classical Music | 0 | 1 | 0 | 0 | 10 | 125 | 125.00 | 0 | 0 |
Fine Arts - Other Fine Arts | 0 | 1 | 0 | 0 | 10 | 96 | 96.00 | 0 | 1 |
Fine Arts - Painting & Sculpture | 0 | 1 | 0 | 0 | 10 | 136 | 136.00 | 0 | 0 |
Mythology | 0 | 1 | 0 | 0 | 10 | 123 | 123.00 | 0 | 0 |
Philosophy | 0 | 1 | 0 | 1 | 10 | 133 | 133.00 | 0 | 1 |
Science - Other Science | 0 | 1 | 0 | 0 | 10 | 109 | 109.00 | 0 | 0 |
Literature - American Literature | 0 | 1 | 1 | 0 | 5 | 90 | 90.00 | 1 | 1 |
History - World History | 0 | 0 | 0 | 0 | 0 | 0.00 | 0 | 0 | |
Science - Physics | 0 | 0 | 0 | 0 | 0 | 0.00 | 0 | 0 | |
Literature - European Literature | 0 | 0 | 0 | 0 | 0 | 0.00 | 0 | 0 | |
History - Other History | 0 | 0 | 1 | 0 | -5 | 0.00 | 0 | 0 | |
History - American History | 0 | 0 | 1 | 0 | -5 | 0.00 | 0 | 0 | |
Literature - British Literature | 0 | 0 | 1 | 0 | -5 | 0.00 | 0 | 0 | |
Religion | 0 | 0 | 2 | 0 | -10 | 0.00 | 0 | 0 | |
Science - Chemistry | 0 | 0 | 2 | 0 | -10 | 0.00 | 0 | 0 |